000 01008nam0a22002411 4500
001 rc\533705
005 20250621122530.0
035 _a(NLR Aleph) 005771425
090 _a5036123
_c5036123
100 _a20030616d1988 |||y0rusy50 ca
101 0 _arus
102 _aRU
105 _ay |||||||||
200 1 _aОпыт создания, внедрения и эксплуатации АСУТП в черной металлургии
_fVIII Междунар. конф. стран - членов СЭВ и СФРЮ по автоматизации произв. процессов и управления в чер. металлургии, сент. 1988, СССР, г. Жданов, Секция III
210 _aБ. м.
_cБ. и.
_d1988
_e[М.]
_gИн-т "Черметинформация"
215 _a11 с.
_d20
700 1 _aСтахно
_bВ.И.
701 1 _aСоловьев
_bВ.И.
801 0 _aRU
_bNLR
_gpsbo
801 1 _aRU
_bELAR
_2rusmarc
852 _aNLR
_j88-4/11887
942 _cBOOK
980 _aNB